Dataset Open Access

Creating sustainable business models for health data trustees: A practical framework for business model development - Interview transcripts

Teichert, Anika; Eulitz, Anna-Luisa; Bach, Friederike; Busch-Casler, Julia


MARC21 XML Export

<?xml version='1.0' encoding='UTF-8'?>
<record xmlns="http://www.loc.gov/MARC21/slim">
  <leader>00000nmm##2200000uu#4500</leader>
  <datafield tag="909" ind1="C" ind2="O">
    <subfield code="o">oai:rodare.hzdr.de:4607</subfield>
    <subfield code="p">openaire_data</subfield>
    <subfield code="p">user-rodare</subfield>
  </datafield>
  <datafield tag="856" ind1="4" ind2=" ">
    <subfield code="s">1641283</subfield>
    <subfield code="u">https://rodare.hzdr.de/record/4607/files/Interview transcripts_anonymized.pdf</subfield>
    <subfield code="z">md5:5e0bebf098dcc5778a1b53f26569b21f</subfield>
  </datafield>
  <datafield tag="773" ind1=" " ind2=" ">
    <subfield code="a">https://www.hzdr.de/publications/Publ-43249</subfield>
    <subfield code="i">isIdenticalTo</subfield>
    <subfield code="n">url</subfield>
  </datafield>
  <datafield tag="773" ind1=" " ind2=" ">
    <subfield code="a">10.14278/rodare.4606</subfield>
    <subfield code="i">isVersionOf</subfield>
    <subfield code="n">doi</subfield>
  </datafield>
  <datafield tag="650" ind1="1" ind2="7">
    <subfield code="a">cc-by</subfield>
    <subfield code="2">opendefinition.org</subfield>
  </datafield>
  <controlfield tag="005">20260415070133.0</controlfield>
  <datafield tag="100" ind1=" " ind2=" ">
    <subfield code="a">Teichert, Anika</subfield>
    <subfield code="0">(orcid)0009-0004-4266-2309</subfield>
  </datafield>
  <datafield tag="542" ind1=" " ind2=" ">
    <subfield code="l">open</subfield>
  </datafield>
  <datafield tag="520" ind1=" " ind2=" ">
    <subfield code="a">&lt;p&gt;This document contains the complete and anonymized interview transcripts, used as the basis for the&amp;nbsp;publication &amp;quot;Creating sustainable business models for health data trustees: A practical framework for business model development&amp;quot;.&lt;/p&gt;</subfield>
  </datafield>
  <datafield tag="700" ind1=" " ind2=" ">
    <subfield code="a">Eulitz, Anna-Luisa</subfield>
  </datafield>
  <datafield tag="700" ind1=" " ind2=" ">
    <subfield code="a">Bach, Friederike</subfield>
    <subfield code="u">Fraunhofer-Zentrum für Internationales Management und Wissensökonomie IMW</subfield>
    <subfield code="0">(orcid)0009-0000-9950-4177</subfield>
  </datafield>
  <datafield tag="700" ind1=" " ind2=" ">
    <subfield code="a">Busch-Casler, Julia</subfield>
    <subfield code="0">(orcid)0000-0001-6861-666X</subfield>
  </datafield>
  <controlfield tag="001">4607</controlfield>
  <datafield tag="260" ind1=" " ind2=" ">
    <subfield code="c">2026-04-14</subfield>
  </datafield>
  <datafield tag="024" ind1=" " ind2=" ">
    <subfield code="a">10.14278/rodare.4607</subfield>
    <subfield code="2">doi</subfield>
  </datafield>
  <datafield tag="980" ind1=" " ind2=" ">
    <subfield code="a">user-rodare</subfield>
  </datafield>
  <datafield tag="540" ind1=" " ind2=" ">
    <subfield code="u">https://creativecommons.org/licenses/by/4.0/legalcode</subfield>
    <subfield code="a">Creative Commons Attribution 4.0 International</subfield>
  </datafield>
  <datafield tag="980" ind1=" " ind2=" ">
    <subfield code="a">dataset</subfield>
  </datafield>
  <datafield tag="245" ind1=" " ind2=" ">
    <subfield code="a">Creating sustainable business models for health data trustees: A practical framework for business model development - Interview transcripts</subfield>
  </datafield>
</record>
38
25
views
downloads
All versions This version
Views 3838
Downloads 2525
Data volume 41.0 MB41.0 MB
Unique views 3232
Unique downloads 1919

Share

Cite as